000 00417nam a2200145Ia 4500
008 090122s9999 xx 000 0 und d
082 _b9057
_a361.54
100 _aकेतकर
_b
_cवि
245 _aसमाजचित्रें
600 _aकेतकर
630 _aसमाजचित्रें
700 _aकेतकर
730 _aसमाजचित्रें
942 _cBOOK
999 _c33134
_d33134